| 000 | 01399namaa2200361 i 4500 | ||
|---|---|---|---|
| 003 | EG-GICUC | ||
| 005 | 20260517130730.0 | ||
| 008 | 260517s2015 ua ||||jr|||| 00| p ara d | ||
| 017 |
_a2015 / 2421 _bدار الكتب والوثائق القومية (مصر) |
||
| 020 | _a9789779200712 | ||
| 040 |
_aEG-GiCUC _cEG-GiCUC _dEG-GiCUC _erda |
||
| 043 | _af-ua--- | ||
| 082 | 0 | 4 |
_221 _a811.9 _bM9923 |
| 092 | 0 | 4 |
_221 _a811.9 _bM9923 |
| 099 | _a811.9 M9923 | ||
| 100 | 1 |
_eمؤلف. _aالمتولى، فهمى عبد الفتاح |
|
| 245 | 1 | 0 |
_aفى شعرية الإحياء : _bالتناص فى شعر البارودى / |
| 250 | _aالطبعة الاولى | ||
| 264 |
_aالقاهرة (مصر) : _bالهيئة العامة لقصور الثقافة، _c2015. |
||
| 300 |
_aمجلدات 2 ؛ _c20 سم |
||
| 336 |
_2rdacontent _atext |
||
| 337 |
_2rdamedia _aUnmediated |
||
| 338 |
_2rdacarrier _avolume |
||
| 490 |
_aكتابات نقدية ؛ _v223 , 224 |
||
| 504 | _aيشتمل على ارجاعات ببليوجرافية | ||
| 541 |
_aد. جابر عصفور ؛ _bالقاهرة ؛ _cإهداء ؛ _d2024. |
||
| 600 |
_aالبارودى، محمود سامي _d1255-1322 ه |
||
| 650 | 1 | 7 |
_2qrmak _aالشعر العربى _xتاريخ ونقد |
| 650 | 1 | 7 |
_aالشعر العربى _xدواوين وقصائد |
| 651 | 1 | _2qrmak | |
| 905 | _aNermeen | ||
| 942 |
_2ddc _cBK _e21 _n0 |
||
| 999 |
_c180183 _d180183 |
||